| 000 | 00575nam a2200193Ia 4500 | ||
|---|---|---|---|
| 999 |
_c8073 _d8073 |
||
| 003 | OSt | ||
| 005 | 20200113140254.0 | ||
| 008 | 190216s9999||||xx |||||||||||||| ||und|| | ||
| 020 | _a9788120346574 | ||
| 040 | _coclc | ||
| 082 |
_a332.1 _bSET/E |
||
| 100 |
_aSethi, Jyotsna _91144 |
||
| 245 | 0 |
_aElements Of Banking And Insurance / _cJyotsna Sethi, Nishwan Bhatia |
|
| 250 | _a2nd ed. | ||
| 260 |
_bPHI Learning Private Limited, _c2012. _aNew Delhi: |
||
| 300 | _a472p | ||
| 650 |
_aBanking _xEconomics |
||
| 942 |
_cBK _2ddc _h332.1 _iSET/E _k332.1 _mSET/E |
||